[Event "Deutsche Ländermeisterschaft 2025"]
[Site "Oer-Erkenschwick GER"]
[Date "2025.10.01"]
[Round "2"]
[White "Gao, Chenzhuo"]
[Black "Müller, Konstantin"]
[Result "0-1"]
[Termination "normal"]
[Board "1.6"]
[WhiteElo "1848"]
[BlackElo "2035"]
[WhiteClock "00:27:08"]
[BlackClock "00:10:24"]
[WhiteTeam "Hessen"]
[BlackTeam "Nordrhein-Westfalen 1"]
[PlyCount "118"]
[WhiteFideId "34668608"]
[BlackFideId "34661778"]
[EventCountry "GER"]
[EventRounds "7"]
[EventType "team-swiss"]
[EventDate "2025.09.30"]

1. d4 {[%clk 01:30:56]} {[%emt 00:00:04]} d5 {[%clk 01:30:23]} {[%emt
00:00:37]} 2. Bf4 {[%clk 01:31:12]} {[%emt 00:00:15]} Nf6 {[%clk 01:30:36]}
{[%emt 00:00:17]} 3. e3 {[%clk 01:31:33]} {[%emt 00:00:08]} c5 {[%clk
01:31:01]} {[%emt 00:00:06]} 4. c3 {[%clk 01:31:28]} {[%emt 00:00:36]} Nc6
{[%clk 01:31:05]} {[%emt 00:00:25]} 5. Nd2 {[%clk 01:31:37]} {[%emt 00:00:21]}
Qb6 {[%clk 01:28:48]} {[%emt 00:02:47]} 6. Qb3 {[%clk 01:31:27]} {[%emt
00:00:39]} c4 {[%clk 01:26:58]} {[%emt 00:02:21]} 7. Qc2 {[%clk 01:31:16]}
{[%emt 00:00:41]} g6 {[%clk 01:23:46]} {[%emt 00:03:42]} 8. b3 {[%clk
01:29:46]} {[%emt 00:02:00]} Bf5 {[%clk 01:23:27]} {[%emt 00:00:49]} 9. Qc1
{[%clk 01:29:26]} {[%emt 00:00:46]} cxb3 {[%clk 01:22:57]} {[%emt 00:01:03]}
10. axb3 {[%clk 01:29:41]} {[%emt 00:00:16]} Bg7 {[%clk 01:22:50]} {[%emt
00:00:37]} 11. Ngf3 {[%clk 01:29:47]} {[%emt 00:00:23]} O-O {[%clk 01:23:03]}
{[%emt 00:00:17]} 12. Be2 {[%clk 01:28:24]} {[%emt 00:01:54]} Ne4 {[%clk
01:21:39]} {[%emt 00:01:54]} 13. O-O {[%clk 01:27:21]} {[%emt 00:01:32]} Rfe8
{[%clk 01:19:23]} {[%emt 00:02:46]} 14. c4 {[%clk 01:25:24]} {[%emt 00:02:28]}
Qd8 {[%clk 00:59:51]} {[%emt 00:20:01]} 15. cxd5 {[%clk 01:23:57]} {[%emt
00:01:56]} Nb4 {[%clk 00:56:41]} {[%emt 00:03:40]} 16. Qc4 {[%clk 01:04:52]}
{[%emt 00:19:36]} Nxd5 {[%clk 00:55:19]} {[%emt 00:01:52]} 17. Nxe4 {[%clk
01:00:29]} {[%emt 00:04:53]} Bxe4 {[%clk 00:54:17]} {[%emt 00:01:32]} 18. b4
{[%clk 00:59:49]} {[%emt 00:01:10]} Rc8 {[%clk 00:53:11]} {[%emt 00:01:36]} 19.
Qb3 {[%clk 00:59:46]} {[%emt 00:00:32]} Rc3 {[%clk 00:52:13]} {[%emt 00:01:29]}
20. Qa4 {[%clk 00:59:34]} {[%emt 00:00:42]} Nxf4 {[%clk 00:52:15]} {[%emt
00:00:28]} 21. exf4 {[%clk 00:59:40]} {[%emt 00:00:24]} Rf8 {[%clk 00:22:16]}
{[%emt 00:30:29]} 22. Ne5 {[%clk 00:48:40]} {[%emt 00:11:30]} Qd5 {[%clk
00:20:44]} {[%emt 00:02:02]} 23. Bf3 {[%clk 00:46:23]} {[%emt 00:02:46]} Bxf3
{[%clk 00:19:18]} {[%emt 00:01:57]} 24. Nxf3 {[%clk 00:46:06]} {[%emt
00:00:47]} Rd8 {[%clk 00:14:59]} {[%emt 00:04:49]} 25. Rad1 {[%clk 00:42:05]}
{[%emt 00:04:26]} Rxf3 {[%clk 00:09:28]} {[%emt 00:06:06]} 26. gxf3 {[%clk
00:41:31]} {[%emt 00:01:04]} Qxf3 {[%clk 00:09:50]} {[%emt 00:00:07]} 27. Qxa7
{[%clk 00:38:25]} {[%emt 00:03:36]} Qg4+ {[%clk 00:10:03]} {[%emt 00:00:17]}
28. Kh1 {[%clk 00:38:46]} {[%emt 00:00:08]} Qf3+ {[%clk 00:10:29]} {[%emt
00:00:04]} 29. Kg1 {[%clk 00:39:10]} {[%emt 00:00:06]} Rd5 {[%clk 00:06:02]}
{[%emt 00:04:56]} 30. Qb8+ {[%clk 00:36:07]} {[%emt 00:03:34]} Bf8 {[%clk
00:06:17]} {[%emt 00:00:16]} 31. Ra1 {[%clk 00:31:38]} {[%emt 00:04:59]} Qg4+
{[%clk 00:06:35]} {[%emt 00:00:12]} 32. Kh1 {[%clk 00:32:03]} {[%emt 00:00:05]}
Qf3+ {[%clk 00:07:01]} {[%emt 00:00:04]} 33. Kg1 {[%clk 00:32:30]} {[%emt
00:00:03]} Qg4+ {[%clk 00:03:39]} {[%emt 00:03:51]} 34. Kh1 {[%clk 00:32:56]}
{[%emt 00:00:05]} Qh3 {[%clk 00:02:28]} {[%emt 00:01:40]} 35. f3 {[%clk
00:29:52]} {[%emt 00:03:34]} Rxd4 {[%clk 00:01:54]} {[%emt 00:01:05]} 36. f5
{[%clk 00:27:15]} {[%emt 00:03:07]} Rd2 {[%clk 00:01:40]} {[%emt 00:00:44]} 37.
Qg3 {[%clk 00:27:14]} {[%emt 00:00:30]} Qxf5 {[%clk 00:02:03]} {[%emt
00:00:08]} 38. Ra8 {[%clk 00:27:14]} {[%emt 00:00:29]} Qb5 {[%clk 00:01:23]}
{[%emt 00:01:10]} 39. Rb1 {[%clk 00:24:49]} {[%emt 00:02:48]} Qd3 {[%clk
00:00:41]} {[%emt 00:01:19]} 40. Rg1 {[%clk 00:22:31]} {[%emt 00:02:42]} Qe2
{[%clk 00:00:34]} {[%emt 00:00:43]} 41. Re1 {[%clk 00:19:31]} {[%emt 00:03:29]}
Rd1 {[%clk 00:00:34]} {[%emt 00:00:30]} 42. Ra1 {[%clk 00:17:37]} {[%emt
00:02:24]} Rxa1 {[%clk 00:00:47]} {[%emt 00:00:17]} 43. Rxa1 {[%clk 00:16:50]}
{[%emt 00:01:16]} e6 {[%clk 00:28:42]} {[%emt 00:02:34]} 44. Qf4 {[%clk
00:44:25]} {[%emt 00:02:56]} Qb2 {[%clk 00:26:29]} {[%emt 00:02:43]} 45. Ra8
{[%clk 00:44:37]} {[%emt 00:00:18]} Kg7 {[%clk 00:26:01]} {[%emt 00:00:58]} 46.
Ra7 {[%clk 00:42:41]} {[%emt 00:02:23]} Qb1+ {[%clk 00:25:50]} {[%emt
00:00:43]} 47. Kg2 {[%clk 00:42:54]} {[%emt 00:00:17]} Qb2+ {[%clk 00:24:48]}
{[%emt 00:01:32]} 48. Kh3 {[%clk 00:39:57]} {[%emt 00:03:17]} Qf2 {[%clk
00:16:07]} {[%emt 00:09:21]} 49. Rxb7 {[%clk 00:38:29]} {[%emt 00:01:58]} Qf1+
{[%clk 00:16:24]} {[%emt 00:00:14]} 50. Kh4 {[%clk 00:38:31]} {[%emt 00:00:21]}
Qf2+ {[%clk 00:15:32]} {[%emt 00:01:27]} 51. Qg3 {[%clk 00:37:17]} {[%emt
00:01:44]} Qd4+ {[%clk 00:15:57]} {[%emt 00:00:05]} 52. Qg4 {[%clk 00:37:13]}
{[%emt 00:00:35]} Qd2 {[%clk 00:15:39]} {[%emt 00:00:47]} 53. Kh3 {[%clk
00:36:55]} {[%emt 00:00:47]} Bd6 {[%clk 00:15:47]} {[%emt 00:00:22]} 54. f4
{[%clk 00:32:29]} {[%emt 00:04:57]} Bxf4 {[%clk 00:15:17]} {[%emt 00:01:00]}
55. Qg2 {[%clk 00:31:21]} {[%emt 00:01:38]} Qe3+ {[%clk 00:12:01]} {[%emt
00:03:46]} 56. Kh4 {[%clk 00:31:42]} {[%emt 00:00:09]} Qd3 {[%clk 00:10:34]}
{[%emt 00:01:57]} 57. Qb2+ {[%clk 00:30:30]} {[%emt 00:01:42]} e5 {[%clk
00:10:17]} {[%emt 00:00:46]} 58. Qf2 {[%clk 00:28:01]} {[%emt 00:02:58]} Qf5
{[%clk 00:10:08]} {[%emt 00:00:40]} 59. Qe2 {[%clk 00:27:08]} {[%emt 00:01:23]}
g5+ {[%clk 00:10:24]} {[%emt 00:00:14]} 0-1

[Event "Deutsche Ländermeisterschaft 2025"]
[Site "Oer-Erkenschwick GER"]
[Date "2025.10.01"]
[Round "2"]
[White "Schirmbeck, Lilian"]
[Black "Dedic, Sajra"]
[Result "1-0"]
[Termination "normal"]
[Board "1.7"]
[WhiteTitle "WCM"]
[WhiteElo "1927"]
[BlackElo "1625"]
[WhiteClock "00:16:47"]
[BlackClock "00:01:22"]
[WhiteTeam "Nordrhein-Westfalen 1"]
[BlackTeam "Hessen"]
[PlyCount "55"]
[WhiteFideId "34620532"]
[BlackFideId "14422794"]
[EventCountry "GER"]
[EventRounds "7"]
[EventType "team-swiss"]
[EventDate "2025.09.30"]

1. Nf3 {[%clk 01:30:54]} {[%emt 00:00:05]} d6 {[%clk 01:30:54]} {[%emt
00:00:06]} 2. d4 {[%clk 01:28:59]} {[%emt 00:02:26]} Nd7 {[%clk 01:31:18]}
{[%emt 00:00:07]} 3. c4 {[%clk 01:26:13]} {[%emt 00:03:15]} e5 {[%clk
01:31:28]} {[%emt 00:00:19]} 4. d5 {[%clk 01:23:22]} {[%emt 00:03:22]} f5
{[%clk 01:29:24]} {[%emt 00:02:33]} 5. e4 {[%clk 01:16:10]} {[%emt 00:07:42]}
fxe4 {[%clk 01:26:09]} {[%emt 00:03:45]} 6. Ng5 {[%clk 01:15:31]} {[%emt
00:01:07]} Ndf6 {[%clk 01:25:02]} {[%emt 00:01:39]} 7. Nc3 {[%clk 01:14:33]}
{[%emt 00:01:28]} Be7 {[%clk 01:10:17]} {[%emt 00:15:15]} 8. Ngxe4 {[%clk
01:12:39]} {[%emt 00:02:23]} c6 {[%clk 00:53:10]} {[%emt 00:17:37]} 9. Bd3
{[%clk 01:01:31]} {[%emt 00:11:38]} Nxe4 {[%clk 00:46:30]} {[%emt 00:07:11]}
10. Nxe4 {[%clk 00:57:53]} {[%emt 00:04:08]} cxd5 {[%clk 00:45:30]} {[%emt
00:01:30]} 11. cxd5 {[%clk 00:56:08]} {[%emt 00:02:15]} Qa5+ {[%clk 00:44:36]}
{[%emt 00:01:24]} 12. Bd2 {[%clk 00:53:44]} {[%emt 00:02:54]} Qxd5 {[%clk
00:37:52]} {[%emt 00:07:13]} 13. Qe2 {[%clk 00:48:35]} {[%emt 00:05:39]} Nf6
{[%clk 00:16:54]} {[%emt 00:21:29]} 14. O-O {[%clk 00:41:57]} {[%emt 00:07:09]}
Nxe4 {[%clk 00:04:09]} {[%emt 00:13:15]} 15. Bxe4 {[%clk 00:41:08]} {[%emt
00:01:19]} Qe6 {[%clk 00:03:35]} {[%emt 00:01:03]} 16. Qd3 {[%clk 00:39:42]}
{[%emt 00:01:57]} Rb8 {[%emt 00:05:48]} 17. f4 {[%clk 00:30:58]} {[%emt
00:03:52]} Bf6 {[%clk 00:02:28]} {[%emt 00:01:41]} 18. Rac1 {[%clk 00:21:16]}
{[%emt 00:10:13]} Bd7 {[%clk 00:00:54]} {[%emt 00:02:03]} 19. fxe5 {[%clk
00:19:51]} {[%emt 00:01:55]} Bxe5 {[%clk 00:00:41]} {[%emt 00:00:44]} 20. Bf5
{[%clk 00:18:48]} {[%emt 00:01:33]} Qe7 {[%clk 00:00:57]} {[%emt 00:00:13]} 21.
Rc7 {[%clk 00:18:56]} {[%emt 00:00:22]} Qh4 {[%clk 00:00:53]} {[%emt 00:00:34]}
22. Bf4 {[%clk 00:15:05]} {[%emt 00:04:21]} Bxf4 {[%clk 00:00:45]} {[%emt
00:00:38]} 23. Qe4+ {[%clk 00:15:29]} {[%emt 00:00:06]} Kf8 {[%clk 00:00:33]}
{[%emt 00:00:42]} 24. Rxf4 {[%clk 00:15:40]} {[%emt 00:00:19]} Bxf5 {[%clk
00:00:34]} {[%emt 00:00:29]} 25. Rxf5+ {[%emt 00:00:13]} Qf6 {[%clk 00:00:35]}
{[%emt 00:00:26]} 26. Qe7+ {[%emt 00:00:37]} Kg8 {[%clk 00:00:58]} {[%emt
00:00:05]} 27. Rxf6 {[%clk 00:16:20]} {[%emt 00:00:04]} gxf6 {[%clk 00:01:22]}
{[%emt 00:00:05]} 28. Qf7# {[%clk 00:16:47]} {[%emt 00:00:03]} 1-0

[Event "Deutsche Ländermeisterschaft 2025"]
[Site "Oer-Erkenschwick GER"]
[Date "2025.10.01"]
[Round "2"]
[White "Huang, Flora Yueya"]
[Black "Shynkar, Daria"]
[Result "1/2-1/2"]
[Termination "normal"]
[Board "1.8"]
[WhiteElo "1750"]
[BlackElo "1922"]
[WhiteClock "00:41:29"]
[BlackClock "00:24:05"]
[WhiteTeam "Hessen"]
[BlackTeam "Nordrhein-Westfalen 1"]
[PlyCount "110"]
[WhiteFideId "533015651"]
[BlackFideId "34163212"]
[EventCountry "GER"]
[EventRounds "7"]
[EventType "team-swiss"]
[EventDate "2025.09.30"]

1. d4 {[%clk 01:30:55]} {[%emt 00:00:05]} Nf6 {[%clk 01:30:55]} {[%emt
00:00:05]} 2. c4 {[%clk 01:31:20]} {[%emt 00:00:06]} e6 {[%clk 01:31:22]}
{[%emt 00:00:03]} 3. Nf3 {[%clk 01:31:44]} {[%emt 00:00:06]} d5 {[%clk
01:31:38]} {[%emt 00:00:13]} 4. Nc3 {[%clk 01:32:00]} {[%emt 00:00:14]} Bb4
{[%clk 01:32:03]} {[%emt 00:00:05]} 5. Qc2 {[%clk 01:32:06]} {[%emt 00:00:24]}
O-O {[%clk 01:31:04]} {[%emt 00:01:29]} 6. e3 {[%clk 01:31:55]} {[%emt
00:00:42]} a6 {[%clk 01:30:31]} {[%emt 00:01:02]} 7. a3 {[%clk 01:32:10]}
{[%emt 00:00:16]} Bxc3+ {[%clk 01:30:33]} {[%emt 00:00:28]} 8. bxc3 {[%clk
01:32:03]} {[%emt 00:00:38]} Nbd7 {[%clk 01:25:37]} {[%emt 00:05:25]} 9. cxd5
{[%clk 01:31:22]} {[%emt 00:01:12]} exd5 {[%clk 01:24:18]} {[%emt 00:01:49]}
10. Bd3 {[%clk 01:30:40]} {[%emt 00:01:12]} b6 {[%clk 01:21:10]} {[%emt
00:03:39]} 11. O-O {[%clk 01:30:29]} {[%emt 00:00:41]} Bb7 {[%clk 01:20:16]}
{[%emt 00:01:24]} 12. Be2 {[%clk 01:28:41]} {[%emt 00:02:18]} Ne4 {[%emt
00:03:27]} 13. Bb2 {[%clk 01:28:19]} {[%emt 00:00:50]} Rc8 {[%clk 01:16:23]}
{[%emt 00:01:27]} 14. Qb3 {[%clk 01:25:22]} {[%emt 00:03:27]} f5 {[%clk
01:13:30]} {[%emt 00:03:23]} 15. c4 {[%clk 01:24:42]} {[%emt 00:01:11]} Ndf6
{[%clk 01:12:05]} {[%emt 00:01:55]} 16. Rac1 {[%clk 01:22:38]} {[%emt
00:02:33]} Kh8 {[%clk 01:07:58]} {[%emt 00:04:38]} 17. a4 {[%clk 01:17:38]}
{[%emt 00:05:29]} Rb8 {[%clk 01:05:22]} {[%emt 00:03:06]} 18. Qc2 {[%clk
01:16:02]} {[%emt 00:02:06]} Qd7 {[%clk 00:49:52]} {[%emt 00:16:00]} 19. Ne5
{[%clk 01:15:00]} {[%emt 00:01:32]} Qe6 {[%clk 00:49:41]} {[%emt 00:00:39]} 20.
Bd3 {[%clk 01:14:08]} {[%emt 00:01:23]} Ng4 {[%clk 00:39:34]} {[%emt 00:10:37]}
21. cxd5 {[%clk 00:55:49]} {[%emt 00:18:49]} Bxd5 {[%clk 00:38:42]} {[%emt
00:01:22]} 22. Qxc7 {[%clk 00:53:04]} {[%emt 00:03:14]} Rbc8 {[%clk 00:35:41]}
{[%emt 00:03:32]} 23. Qd7 {[%clk 00:53:03]} {[%emt 00:00:31]} Rxc1 {[%clk
00:34:58]} {[%emt 00:01:13]} 24. Bxc1 {[%clk 00:52:41]} {[%emt 00:00:53]} Nxe5
{[%clk 00:33:38]} {[%emt 00:01:49]} 25. Qxe6 {[%emt 00:00:13]} Bxe6 {[%clk
00:33:50]} {[%emt 00:00:15]} 26. dxe5 {[%clk 00:53:21]} {[%emt 00:00:10]} Nc5
{[%clk 00:33:41]} {[%emt 00:00:40]} 27. Ba3 {[%clk 00:52:17]} {[%emt 00:01:33]}
Rc8 {[%clk 00:28:11]} {[%emt 00:06:00]} 28. Bxc5 {[%clk 00:46:38]} {[%emt
00:06:08]} Rxc5 {[%clk 00:27:04]} {[%emt 00:01:38]} 29. Bxa6 {[%clk 00:46:45]}
{[%emt 00:00:24]} Rxe5 {[%clk 00:26:00]} {[%emt 00:01:34]} 30. Rb1 {[%clk
00:44:22]} {[%emt 00:02:51]} Bd7 {[%clk 00:25:04]} {[%emt 00:01:28]} 31. Rxb6
{[%clk 00:43:42]} {[%emt 00:01:08]} Bxa4 {[%clk 00:24:08]} {[%emt 00:01:27]}
32. Rb8+ {[%clk 00:44:03]} {[%emt 00:00:09]} Re8 {[%clk 00:24:28]} {[%emt
00:00:10]} 33. Rxe8+ {[%emt 00:00:10]} Bxe8 {[%clk 00:24:49]} {[%emt 00:00:05]}
34. f3 {[%clk 00:44:37]} {[%emt 00:00:20]} Kg8 {[%clk 00:24:54]} {[%emt
00:00:26]} 35. Bc4+ {[%clk 00:44:57]} {[%emt 00:00:10]} Kf8 {[%clk 00:25:08]}
{[%emt 00:00:16]} 36. Kf2 {[%clk 00:45:22]} {[%emt 00:00:05]} Ke7 {[%clk
00:25:29]} {[%emt 00:00:08]} 37. Bd3 {[%clk 00:45:40]} {[%emt 00:00:12]} Kf6
{[%clk 00:25:40]} {[%emt 00:00:19]} 38. e4 {[%clk 00:45:21]} {[%emt 00:00:50]}
f4 {[%clk 00:25:06]} {[%emt 00:01:04]} 39. e5+ {[%clk 00:45:36]} {[%emt
00:00:15]} Kxe5 {[%clk 00:25:09]} {[%emt 00:00:26]} 40. Bxh7 {[%clk 00:46:00]}
{[%emt 00:00:06]} g5 {[%clk 00:24:53]} {[%emt 00:00:46]} 41. Be4 {[%clk
00:45:01]} {[%emt 00:01:29]} Bf7 {[%clk 00:23:56]} {[%emt 00:01:26]} 42. Bd3
{[%clk 00:45:00]} {[%emt 00:00:32]} Be8 {[%clk 00:23:46]} {[%emt 00:00:41]} 43.
g3 {[%clk 00:43:37]} {[%emt 00:01:52]} Bd7 {[%clk 00:23:41]} {[%emt 00:00:34]}
44. Kg2 {[%clk 00:43:28]} {[%emt 00:00:41]} Kd4 {[%clk 00:22:51]} {[%emt
00:01:19]} 45. Be4 {[%clk 00:43:43]} {[%emt 00:00:15]} fxg3 {[%clk 00:22:29]}
{[%emt 00:00:52]} 46. Kxg3 {[%clk 00:43:52]} {[%emt 00:00:21]} Ke3 {[%clk
00:22:50]} {[%emt 00:00:08]} 47. Bg6 {[%clk 00:42:49]} {[%emt 00:01:34]} Be6
{[%clk 00:23:00]} {[%emt 00:00:18]} 48. Bh5 {[%clk 00:41:41]} {[%emt 00:01:40]}
Bf5 {[%clk 00:23:02]} {[%emt 00:00:27]} 49. Bg4 {[%clk 00:42:02]} {[%emt
00:00:10]} Bg6 {[%clk 00:23:08]} {[%emt 00:00:24]} 50. h4 {[%clk 00:41:21]}
{[%emt 00:01:11]} gxh4 {[%clk 00:23:04]} {[%emt 00:00:35]} 51. Kxh4 {[%clk
00:41:45]} {[%emt 00:00:06]} Kf4 {[%clk 00:23:21]} {[%emt 00:00:13]} 52. Kh3
{[%clk 00:41:36]} {[%emt 00:00:40]} Bf5 {[%clk 00:23:07]} {[%emt 00:00:43]} 53.
Kh4 {[%clk 00:41:42]} {[%emt 00:00:24]} Bd3 {[%clk 00:23:19]} {[%emt 00:00:17]}
54. Kh3 {[%clk 00:41:04]} {[%emt 00:01:10]} Be2 {[%clk 00:23:42]} {[%emt
00:00:06]} 55. Kg2 {[%clk 00:41:29]} {[%emt 00:00:06]} Bxf3+ {[%clk 00:24:05]}
{[%emt 00:00:06]} 1/2-1/2

[Event "Deutsche Ländermeisterschaft 2025"]
[Site "Oer-Erkenschwick GER"]
[Date "2025.10.01"]
[Round "2"]
[White "Atoyan, Alberto"]
[Black "Haubold, Sebastian"]
[Result "1-0"]
[Termination "normal"]
[Board "2.1"]
[WhiteTitle "CM"]
[WhiteElo "2302"]
[BlackElo "2153"]
[WhiteClock "00:02:58"]
[BlackClock "00:05:21"]
[WhiteTeam "Bayern"]
[BlackTeam "Sachsen-Anhalt"]
[PlyCount "93"]
[WhiteFideId "13314831"]
[BlackFideId "16259637"]
[EventCountry "GER"]
[EventRounds "7"]
[EventType "team-swiss"]
[EventDate "2025.09.30"]

1. e4 {[%clk 01:30:49]} {[%emt 00:00:10]} e5 {[%clk 01:30:50]} {[%emt
00:00:09]} 2. Nc3 {[%clk 01:31:13]} {[%emt 00:00:07]} Nf6 {[%clk 01:31:03]}
{[%emt 00:00:18]} 3. Bc4 {[%clk 01:31:35]} {[%emt 00:00:08]} Bc5 {[%clk
01:26:31]} {[%emt 00:05:01]} 4. d3 {[%clk 01:31:52]} {[%emt 00:00:13]} O-O
{[%clk 01:19:58]} {[%emt 00:07:03]} 5. f4 {[%clk 01:21:54]} {[%emt 00:10:29]}
d6 {[%clk 01:15:12]} {[%emt 00:05:14]} 6. f5 {[%clk 01:15:44]} {[%emt
00:06:41]} c6 {[%clk 01:12:55]} {[%emt 00:02:47]} 7. Qe2 {[%clk 01:11:30]}
{[%emt 00:04:45]} d5 {[%clk 01:10:41]} {[%emt 00:02:42]} 8. Bb3 {[%clk
01:11:12]} {[%emt 00:00:48]} a5 {[%clk 01:08:38]} {[%emt 00:02:31]} 9. a4
{[%clk 01:07:32]} {[%emt 00:04:13]} b5 {[%clk 00:53:22]} {[%emt 00:15:45]} 10.
Bg5 {[%clk 00:49:12]} {[%emt 00:18:50]} b4 {[%clk 00:51:50]} {[%emt 00:01:59]}
11. Nd1 {[%clk 00:47:29]} {[%emt 00:02:17]} dxe4 {[%clk 00:46:40]} {[%emt
00:05:39]} 12. dxe4 {[%clk 00:42:43]} {[%emt 00:05:17]} Bxg1 {[%clk 00:38:06]}
{[%emt 00:09:02]} 13. Bxf6 {[%clk 00:40:13]} {[%emt 00:03:01]} Qxf6 {[%clk
00:35:57]} {[%emt 00:02:40]} 14. Rxg1 {[%clk 00:40:39]} {[%emt 00:00:05]} Ba6
{[%clk 00:36:25]} 15. Qe3 {[%clk 00:36:01]} {[%emt 00:05:08]} Qh4+ {[%clk
00:33:43]} {[%emt 00:03:11]} 16. Nf2 {[%clk 00:35:19]} {[%emt 00:01:13]} Rd8
{[%clk 00:29:56]} {[%emt 00:04:14]} 17. g3 {[%clk 00:31:05]} {[%emt 00:04:47]}
Qe7 {[%clk 00:24:41]} {[%emt 00:05:44]} 18. g4 {[%clk 00:22:24]} {[%emt
00:09:12]} Nd7 {[%clk 00:20:15]} {[%emt 00:04:56]} 19. O-O-O {[%clk 00:20:12]}
{[%emt 00:02:41]} Qc5 {[%clk 00:17:59]} {[%emt 00:02:46]} 20. Qg3 {[%clk
00:16:07]} {[%emt 00:04:36]} Bc4 {[%clk 00:11:50]} {[%emt 00:06:39]} 21. Kb1
{[%clk 00:13:55]} {[%emt 00:02:42]} Bxb3 {[%clk 00:08:34]} {[%emt 00:03:45]}
22. cxb3 {[%clk 00:14:19]} {[%emt 00:00:06]} Nf6 {[%clk 00:07:58]} {[%emt
00:01:06]} 23. Qf3 {[%clk 00:12:09]} {[%emt 00:02:40]} Rd4 {[%clk 00:04:56]}
{[%emt 00:03:32]} 24. g5 {[%clk 00:08:54]} {[%emt 00:03:46]} Ne8 {[%clk
00:03:57]} {[%emt 00:01:28]} 25. Rxd4 {[%clk 00:07:10]} {[%emt 00:02:14]} Qxd4
{[%clk 00:04:08]} {[%emt 00:00:19]} 26. Rd1 {[%clk 00:07:18]} {[%emt 00:00:21]}
Qb6 {[%clk 00:04:22]} {[%emt 00:00:15]} 27. Ng4 {[%clk 00:06:25]} {[%emt
00:01:24]} Rd8 {[%clk 00:03:17]} {[%emt 00:01:35]} 28. Nxe5 {[%clk 00:04:08]}
{[%emt 00:02:47]} Rxd1+ {[%clk 00:02:45]} {[%emt 00:01:02]} 29. Qxd1 {[%clk
00:04:36]} {[%emt 00:00:01]} Qe3 {[%clk 00:03:01]} {[%emt 00:00:14]} 30. Nxc6
{[%clk 00:03:32]} {[%emt 00:01:35]} Qxe4+ {[%clk 00:03:18]} {[%emt 00:00:13]}
31. Qc2 {[%clk 00:03:58]} {[%emt 00:00:04]} Qe3 {[%clk 00:02:07]} {[%emt
00:01:39]} 32. Nxa5 {[%clk 00:02:29]} {[%emt 00:02:01]} Qxg5 {[%clk 00:02:29]}
{[%emt 00:00:08]} 33. Qc8 {[%clk 00:02:12]} {[%emt 00:00:46]} Kf8 {[%clk
00:02:44]} {[%emt 00:00:15]} 34. Ka2 {[%clk 00:01:19]} {[%emt 00:01:24]} g6
{[%clk 00:02:27]} {[%emt 00:00:46]} 35. Nc4 {[%clk 00:00:52]} {[%emt 00:00:57]}
Qxf5 {[%clk 00:02:11]} {[%emt 00:00:46]} 36. Qxe8+ {[%clk 00:00:57]} {[%emt
00:00:26]} Kxe8 {[%clk 00:02:32]} {[%emt 00:00:08]} 37. Nd6+ {[%clk 00:01:24]}
{[%emt 00:00:03]} Kd7 {[%clk 00:02:51]} {[%emt 00:00:12]} 38. Nxf5 {[%clk
00:01:51]} {[%emt 00:00:03]} gxf5 {[%clk 00:03:16]} {[%emt 00:00:05]} 39. Kb1
{[%clk 00:02:19]} {[%emt 00:00:02]} Kc6 {[%clk 00:02:38]} {[%emt 00:01:07]} 40.
Kc2 {[%clk 00:02:46]} {[%emt 00:00:03]} Kd5 {[%clk 00:03:02]} {[%emt 00:00:06]}
41. Kd3 {[%clk 00:02:52]} {[%emt 00:00:24]} f4 {[%clk 00:03:28]} {[%emt
00:00:05]} 42. Ke2 {[%clk 00:03:01]} {[%emt 00:00:21]} Ke4 {[%clk 00:03:50]}
{[%emt 00:00:07]} 43. h4 {[%clk 00:03:06]} {[%emt 00:00:27]} h5 {[%clk
00:04:12]} {[%emt 00:00:06]} 44. Kf2 {[%clk 00:03:05]} {[%emt 00:00:31]} f6
{[%clk 00:04:34]} {[%emt 00:00:08]} 45. Ke2 {[%clk 00:02:44]} {[%emt 00:00:52]}
f5 {[%clk 00:04:58]} {[%emt 00:00:05]} 46. Kf2 {[%clk 00:02:36]} {[%emt
00:00:39]} f3 {[%clk 00:05:21]} {[%emt 00:00:06]} 47. a5 {[%clk 00:02:58]}
{[%emt 00:00:09]} 1-0